=LDR 00000nam 2200000 4500 =001 INLIS000000000043927 =005 20160615115150.0 =006 =007 =008 ind =035 ##$$0010-101300000001849 =041 ##$$a ind =082 ##$$a 347.05 =090 ##$$a 347.05, Fau p =100 ##$$a Fauzan, M =245 ##$$a Pokok-pokok hukum acara perdata peradilan agama dan mahkamah Syariyah di Indonesia, M Fauzan =260 ##$$a 2005 $b Jakarta =300 ##$$a xix, 206 hlm, 23 cm =650 ##$$a Hukum acara Perdata =850 ##$$a NBPNMAT =990 ##$$a 21196893/BPAP-NTB/2014